Výstava výtvarníci k 10. výročiu oslobodenia. 7.V.1955-31.V.1955

Podrobná bibliografia
Hlavný autor: Horyna, Jaroslav, 1913- (Autor adaptácie)
Médium: Kniha
Jazyk:slovenčina
Fyzický popis:18 nečíslovaných strán fotografie, ilustrácie 21 cm
Vydavateľské údaje: Martin Slovenské národné múzeum 1955
Predmet:

MARC

LEADER 00000cam a2200000 a 4500
001 vtls008405871
003 SK-MaSNL
005 20260311133401.0
008 230403s1955 xo oa f 000 0 slo
015 |a SNBA19451955-013725 
020 |q (brožované) 
035 |a SK01SNKBKSFS20010098088 
035 |a urn:nbn:sk:snk-am3hxf3 
035 |a 13DD2FE5-F98F-4446-9D25-B5EB71A75790 
035 |a urn:nbn:sk:snk-am00dced 
035 |a SKM000100551 
040 |a SNK  |b slo  |c SNK  |e AACR2 
041 0 |a slo 
043 |a e-cs--- 
044 |a xo  |c SK 
072 7 |a 72/76  |x Výtvarné umenie  |2 konspekt 
080 |a 75  |2 1981 
080 |a 72  |2 2011 
080 |a 72/76  |2 2011 
080 |a (437)  |2 2011 
080 |a (082.2)  |2 2011 
080 |a (083.824)  |2 2011 
080 |a (035)  |2 2011 
245 0 0 |a Výstava  |b výtvarníci k 10. výročiu oslobodenia. 7.V.1955-31.V.1955  |c [úprava katalógu: Jaroslav Horyna] 
260 |a Martin  |b Slovenské národné múzeum  |c 1955 
300 |a 18 nečíslovaných strán  |b fotografie, ilustrácie  |c 21 cm 
500 |a Obsahuje zoznam vystavených prác na strane [3-6] 
648 7 |a 1955  |2 SNKPH  |9 283906 
650 0 7 |a výtvarníci  |2 SNKPH  |9 118705 
650 0 7 |a výtvarné umenie  |2 SNKPH  |9 723 
651 7 |a Československo  |2 SNKPHgeo  |9 21376 
655 7 |a jubilejné publikácie  |2 SNKPH  |9 70339 
655 7 |a katalógy výstav  |2 SNKPH  |9 70445 
700 1 |a Horyna, Jaroslav,  |d 1913-  |4 adp  |9 107996 
852 |a Slovenská národná knižnica 
954 |a odborná, vedecká literatúra pôvodná (slovenská)  |2 lita 
958 |a RK 
958 |a TL 
958 |a OND 
958 |a EUIPO 
999 |c 845507  |d 847437 
952 |a SNK  |b SNK  |y PREZ  |7 0  |p 17A0787274  |o snkSC 5977  |i snk821/55  |0 0  |1 0  |4 0  |d 2019-03-29  |f 1  |l 0  |r 2025-07-04 00:00:00  |w 2026-02-24